100 Biggest Cities of North Macedonia on a Map - Statistics

General Stats
  • This quiz has been taken 406 times
  • The average score is 17 of 100
Answers on the Map
Answers color-coded by a green-red scale on the quiz's map according to % correct below.
 
Answer Stats
Popualtion City % Correct
422,540 Skopje
99%
38,818 Ohrid
83%
69,287 Bitola
76%
75,051 Kumanovo
74%
63,176 Tetovo
73%
63,308 Prilep
60%
42,000 Štip
58%
40,664 Veles
57%
15,009 Struga
54%
33,825 Strumica
54%
32,814 Gostivar
53%
11,735 Debar
46%
15,156 Gevgelija
45%
23,428 Kičevo
40%
32,038 Kavadarci
39%
24,632 Kočani
37%
13,481 Kriva Palanka
36%
5,850 Berovo
32%
14,460 Radoviš
32%
9,644 Delčevo
30%
11,728 Sveti Nikole
30%
4,104 Kruševo
28%
12,488 Negotino
28%
9,760 Probištip
28%
7,904 Resen
27%
5,401 Kratovo
26%
3,643 Makedonski Brod
25%
2,643 Demir Kapija
24%
4,368 Makedonska Kamenica
24%
2,471 Pehčevo
23%
8,584 Vinica
23%
3,671 Valandovo
22%
2,431 Demir Hisar
21%
5,244 Bogdanci
18%
7,991 Aračinovo
17%
2,553 Rosoman
14%
5,161 Ilinden
13%
9,573 Dračevo
11%
5,239 Bogovinje
9%
8,004 Studeničani
9%
3,038 Tearce
9%
3,102 Brvenica
8%
2,737 Orizari
8%
3,132 Petrovec
8%
3,432 Želino
8%
4,003 Vrapčište
7%
6,066 Radišani
6%
6,739 Labuništa
5%
6,402 Volkovo
5%
2,567 Zajas
5%
2,414 Bansko
4%
4,538 Marino
4%
4,394 Stajkovci
4%
3,748 Vizbegovo
4%
4,022 Čegrane
3%
3,546 Dobri Dol
3%
2,521 Gorno Orizari
3%
3,256 Jurumleri
3%
3,626 Kondovo
3%
3,963 Pirok
3%
7,267 Batinci
2%
4,459 Čelopek
2%
2,649 Dobrošte
2%
2,627 Dolno Lisiče
2%
3,338 Džepčište
2%
3,604 Golema Rečica
2%
4,324 Indžikovo
2%
3,654 Kamenjane
2%
4,119 Kučevište
2%
2,688 Ljuboten
2%
2,468 Mala Rečica
2%
2,912 Mojanci
2%
2,595 Morani
2%
3,654 Slupčane
2%
2,470 Trubarevo
2%
3,378 Velešta
2%
3,141 Velgošti
2%
3,137 Čerkezi
1%
2,859 Debreše
1%
2,600 Debrešte
1%
3,138 Dolna Banjica
1%
2,563 Dolno Palčište
1%
2,809 Forino
1%
3,436 Gorna Banjica
1%
2,434 Gorno Jabolčište
1%
3,934 Gradec
1%
2,426 Ljubin
1%
2,961 Matejče
1%
2,969 Misleševo
1%
3,068 Negotino-Pološko
1%
2,724 Nerašte
1%
2,538 Otlja
1%
2,430 Podgorci
1%
2,653 Poroj
1%
2,835 Rašče
1%
2,566 Romanovce
1%
7,829 Singeliḱ
1%
3,958 Šiševo
1%
3,198 Slatino
1%
2,427 Treboš
1%
No matching quizzes found
Score Distribution
Percent of People with Each Score
Percentile by Number Answered
Your Score History
You have not taken this quiz